LEADER 01103nam 2200325Ia 450 001 996386483203316 005 20221108020805.0 035 $a(CKB)4940000000078257 035 $a(EEBO)2240962194 035 $a(OCoLC)12642925 035 $a(EXLCZ)994940000000078257 100 $a19851007d1670 uy | 101 0 $aeng 135 $aurbn||||a|bb| 200 10$aDary's miscellanies examined$b[electronic resource] $eand some of his fundamental errors detected by authority of ancient and modern mathematicians ... : to which is added a task for Mr. Dary of his own setting /$fby Robert Anderson 210 $aLondon $cPrinted for Philip Brooksby ...$d1670 215 $a[3], 13 p 300 $aReproduction of original in Bodleian Library. 330 $aeebo-0014 606 $aMathematics$vEarly works to 1800 615 0$aMathematics 700 $aAnderson$b Robert$ffl. 1668-1696.$01007023 801 0$bEAA 801 1$bEAA 801 2$bm/c 801 2$bWaOLN 906 $aBOOK 912 $a996386483203316 996 $aDary's miscellanies examined$92339070 997 $aUNISA LEADER 01385nam 2200421 450 001 9910159025003321 005 20161006094253.0 010 $a1-5095-0320-X 035 $a(CKB)3710000001018452 035 $a(MiAaPQ)EBC4444925 035 $a(Au-PeEL)EBL4444925 035 $a(OCoLC)933298812 035 $a(EXLCZ)993710000001018452 100 $a20150410d2015 uy| 0 101 0 $aeng 135 $aurcnu|||||||| 181 $2rdacontent 182 $2rdamedia 183 $2rdacarrier 200 10$aCrisis /$fSylvia Walby 210 1$aCambridge, UK ;$aMalden, MA :$cPolity Press,$d2015. 215 $a1 online resource (220 pages) 311 $a0-7456-4760-X 320 $aIncludes bibliographical references and index. 327 $aIntroduction -- Theorizing crisis -- Financial crisis -- Economic crisis: recession -- Fiscal crisis: austerity -- Democratic crisis -- Crisis in the gender regime -- Conclusions: implications for social theory and public policy. 606 $aFinancial crises 606 $aFinancial crises$xPolitical aspects 615 0$aFinancial crises. 615 0$aFinancial crises$xPolitical aspects. 676 $a338.5/42 700 $aWalby$b Sylvia$0518753 801 0$bMiAaPQ 801 1$bMiAaPQ 801 2$bMiAaPQ 906 $aBOOK 912 $a9910159025003321 996 $aCrisis$93420866 997 $aUNINA